000 00513nam a2200181Ia 4500
008 240925s9999 xx 000 0 und d
020 _a9780070606517
082 _a621.30202 CAT
100 _aCathey ,Jimmie J.; Nasar, Syed A.
245 0 _aSchaum's Outlines Basic Electrical Engineering
250 _a2nd
260 _aNew Delhi:
_bTata McGraw Hill
_c,1997.
300 _axviii,474p.
_bN.A
_fOriginal
500 _aIncludes Index
600 _aElectrical Engineering
650 _aTechnology
942 _cBK
999 _c11178
_d11178